[Event "Titled Tuesday intern op 14th July"]
[Site "Chess.com INT"]
[Date "2020.07.14"]
[Round "2"]
[White "Ivanisevic, Ivan"]
[Black "Kozlitin, Roman"]
[Result "1-0"]
[WhiteElo "2604"]
[BlackElo "2256"]
[PlyCount "69"]
[EventDate "2020.07.14"]
[EventType "swiss (blitz)"]
[EventRounds "10"]
[EventCountry "USA"]
[SourceTitle "CBM 197 Extra"]
[Source "ChessBase"]
[SourceDate "2020.09.30"]
[SourceVersion "1"]
[SourceVersionDate "2020.09.30"]
[SourceQuality "1"]

1. d4 d5 2. c4 c6 3. Nf3 Nf6 4. Nc3 e6 5. g3 dxc4 6. Ne5 b5 7. Bg2 Nd5 8. 0-0 Bb7 9. e4 Nxc3 10. bxc3 Nd7 11. f4 c5 12. d5 Nf6 13. Rb1 a6 14. dxe6 fxe6 15. Qe2 Be7 16. Nxc4 0-0 17. Ne5 Qc7 18. c4 Rfd8 19. Bb2 Qa5 20. Bh3 Bc8 21. Nc6 Qc7 22. Nxd8 Bxd8 23. e5 Ne8 24. Qe4 Rb8 25. f5 Bb7 26. Qe2 exf5 27. Rxf5 Bc8 28. Rbf1 Bxf5 29. Bxf5 Qe7 30. Be4 Nc7 31. Qh5 g6 32. Qh6 Ne6 33. Bd5 Rb6 34. Rf6 Qd7 35. Rf8# 1-0

[Event "Poti Aleksandria Cup 11th"]
[Site "Poti"]
[Date "2016.07.16"]
[Round "5"]
[White "Kozlitin, Roman"]
[Black "Yeritsyan, Hayk"]
[Result "1-0"]
[WhiteElo "2342"]
[BlackElo "2076"]
[PlyCount "80"]
[EventDate "2016.07.13"]
[EventType "swiss"]
[EventRounds "9"]
[EventCountry "GEO"]
[SourceTitle "CBM 173 Extra"]
[Source "ChessBase"]
[SourceDate "2016.08.29"]
[SourceVersion "1"]
[SourceVersionDate "2016.08.29"]
[SourceQuality "1"]

1. e4 c5 2. Nf3 Nc6 3. Bb5 g6 4. Bxc6 dxc6 5. h3 Bg7 6. d3 e5 7. Be3 b6 8. Qd2 h6 9. a4 a5 10. Na3 Be6 11. Qc3 Qc7 12. Bf4 f6 13. Bg3 Ne7 14. Nc4 Nc8 15. Nfd2 Nd6 16. Ne3 h5 17. f4 exf4 18. Bxf4 g5 19. Bh2 Qd7 20. 0-0-0 f5 21. Be5 Bxe5 22. Qxe5 Nf7 23. Qf6 f4 24. Nec4 Qe7 25. Qxe7+ Kxe7 26. Nxb6 Raf8 27. Nbc4 g4 28. hxg4 hxg4 29. Nxa5 Ra8 30. Ndc4 Bxc4 31. Nxc4 Rxa4 32. Kd2 Raa8 33. Rdf1 Rxh1 34. Rxh1 Kf6 35. Rh5 Ng5 36. Rh6+ Kg7 37. Rh4 Kg6 38. Ne5+ Kg7 39. Rxg4 Kf6 40. Nd7+ Kg6 1-0

[Event "Moscow op-A"]
[Site "Moscow"]
[Date "2016.02.01"]
[Round "3"]
[White "Kozlitin, Roman"]
[Black "Yuffa, Daniil"]
[Result "1/2-1/2"]
[WhiteElo "2355"]
[BlackElo "2516"]
[PlyCount "110"]
[EventDate "2016.01.30"]
[EventType "swiss"]
[EventRounds "9"]
[EventCountry "RUS"]
[SourceTitle "CBM 170 Extra"]
[Source "ChessBase"]
[SourceDate "2016.02.25"]
[SourceVersion "1"]
[SourceVersionDate "2016.02.25"]
[SourceQuality "1"]

1. Nf3 d6 2. d4 f5 3. Nc3 Nf6 4. Qd3 g6 5. e4 Bg7 6. e5 Nfd7 7. exd6 cxd6 8. Ng5 Nf8 9. Qb5+ Nc6 10. d5 a6 11. Qa4 Qa5 12. Qxa5 Nxa5 13. Be3 b5 14. 0-0-0 Bxc3 15. bxc3 Bb7 16. Bb6 Nc4 17. Bxc4 bxc4 18. Rhe1 h6 19. Ne6 Nxe6 20. Rxe6 Kf7 21. Re2 Rab8 22. Ba7 Rbc8 23. f4 Ba8 24. a4 Rc7 25. Bb6 Rd7 26. a5 Rb7 27. Kb2 Rbb8 28. Ka3 g5 29. Kb4 Rhc8 30. Rde1 Rc7 31. Ka3 Rd7 32. Rd2 Rg8 33. Kb4 gxf4 34. Kxc4 Rg6 35. Rf1 e6 36. dxe6+ Kxe6 37. Re2+ Kf6 38. Bd4+ Kg5 39. Ref2 Rf7 40. Rxf4 Bxg2 41. h4+ Kh5 42. Rxf5+ Rxf5 43. Rxf5+ Kxh4 44. Rf6 Kg5 45. Rxg6+ Kxg6 46. Bg1 Kf5 47. Kd4 h5 48. c4 h4 49. Bh2 Ke6 50. c5 dxc5+ 51. Kxc5 Bf1 52. c4 h3 53. Bb8 Kd7 54. Bh2 Ke6 55. Bb8 Kd7 1/2-1/2

[Event "Moscow op-A"]
[Site "Moscow"]
[Date "2016.01.31"]
[Round "2"]
[White "Kozlitin, Roman"]
[Black "Zherebtsova, Alexandra"]
[Result "1-0"]
[WhiteElo "2355"]
[BlackElo "2130"]
[PlyCount "42"]
[EventDate "2016.01.30"]
[EventType "swiss"]
[EventRounds "9"]
[EventCountry "RUS"]
[SourceTitle "CBM 170 Extra"]
[Source "ChessBase"]
[SourceDate "2016.02.25"]
[SourceVersion "1"]
[SourceVersionDate "2016.02.25"]
[SourceQuality "1"]

1. Nf3 Nc6 2. c4 e5 3. Nc3 Nf6 4. g3 Be7 5. Bg2 0-0 6. d4 exd4 7. Nxd4 Ne5 8. b3 Re8 9. 0-0 a5 10. Bb2 Ra6 11. Qc2 Bc5 12. Rad1 Bxd4 13. Rxd4 Rae6 14. Rfd1 Nc6 15. R4d2 Nb4 16. Qb1 b6 17. a3 Na6 18. Ba1 Ng4 19. h3 Nh6 20. e3 d6 21. Nd5 Nc5 1-0

[Event "Samara Polugaevsky Memorial 5th"]
[Site "Samara"]
[Date "2015.07.10"]
[Round "8"]
[White "Minko, Vladimir"]
[Black "Kozlitin, Roman"]
[Result "1/2-1/2"]
[WhiteElo "2226"]
[BlackElo "2377"]
[PlyCount "112"]
[EventDate "2015.07.03"]
[EventType "swiss"]
[EventRounds "9"]
[EventCountry "RUS"]
[SourceTitle "EXT 2017"]
[Source "ChessBase"]
[SourceDate "2016.10.25"]
[SourceVersion "1"]
[SourceVersionDate "2016.10.25"]
[SourceQuality "1"]

1. d4 Nf6 2. c4 g6 3. g3 c6 4. Bg2 d5 5. e3 Bg7 6. Ne2 0-0 7. Nbc3 dxc4 8. 0-0 Nbd7 9. f4 Nb6 10. e4 Bg4 11. h3 Bxe2 12. Nxe2 e6 13. g4 Nfd7 14. e5 Qc7 15. f5 Rfe8 16. Nc3 c5 17. Nb5 Qb8 18. Nd6 cxd4 19. Nxe8 Bxe5 20. fxe6 fxe6 21. Bh6 Qxe8 22. Bxb7 Rb8 23. Bc6 Qe7 24. Qf3 d3 25. Kh1 Bg7 26. Bxg7 Qxg7 27. Rae1 Ne5 28. Qe4 Qc7 29. Bb5 d2 30. Re2 Rd8 31. Rd1 Rd5 32. a4 c3 33. bxc3 Qxc3 34. Qe3 Qxe3 35. Rxe3 Nec4 36. Re2 a5 37. Kg2 e5 38. Kf1 Rd3 39. Re4 Ne3+ 40. Rxe3 Rxe3 41. Rxd2 Ra3 42. Re2 Nxa4 43. Rxe5 Nb2 44. Re2 Rb3 45. Bc6 Rb6 46. Bd5+ Kf8 47. Rf2+ Ke8 48. Bg8 h6 49. Bf7+ Ke7 50. Bxg6 Rxg6 51. Rxb2 Ra6 52. Ke2 Kd6 53. Kd3 Kc5 54. Kc3 Rf6 55. Rg2 Rf3+ 56. Kb2 Rxh3 1/2-1/2

[Event "EU-ch 15th"]
[Site "Yerevan"]
[Date "2014.03.12"]
[Round "9"]
[White "Svetushkin, Dmitry"]
[Black "Kozlitin, Roman"]
[Result "1/2-1/2"]
[WhiteElo "2582"]
[BlackElo "2365"]
[PlyCount "33"]
[EventDate "2014.03.03"]
[EventType "swiss"]
[EventRounds "11"]
[EventCountry "ARM"]
[SourceTitle "CBM 160"]
[Source "ChessBase"]
[SourceDate "2014.05.15"]
[SourceVersion "1"]
[SourceVersionDate "2014.05.15"]
[SourceQuality "1"]

1. e4 e5 2. Nf3 Nc6 3. Bb5 a6 4. Ba4 Nf6 5. 0-0 Be7 6. Re1 b5 7. Bb3 0-0 8. h3 Bb7 9. d3 d5 10. exd5 Nxd5 11. Nxe5 Nxe5 12. Rxe5 Qd6 13. Re1 c5 14. Nd2 Rae8 15. a4 c4 16. dxc4 Nf4 17. Nf3 1/2-1/2

[Event "EU-ch 15th"]
[Site "Yerevan"]
[Date "2014.03.11"]
[Round "8"]
[White "Kozlitin, Roman"]
[Black "Gevorgyan, Maria"]
[Result "1-0"]
[WhiteElo "2365"]
[BlackElo "2180"]
[PlyCount "37"]
[EventDate "2014.03.03"]
[EventType "swiss"]
[EventRounds "11"]
[EventCountry "ARM"]
[SourceTitle "CBM 160"]
[Source "ChessBase"]
[SourceDate "2014.05.15"]
[SourceVersion "1"]
[SourceVersionDate "2014.05.15"]
[SourceQuality "1"]

1. Nf3 c5 2. e4 e6 3. d4 cxd4 4. Nxd4 a6 5. Nc3 Qc7 6. Bd3 Bb4 7. Bd2 Nf6 8. 0-0 Be7 9. Kh1 b5 10. f4 d6 11. e5 Nfd7 12. exd6 Qxd6 13. Qf3 Ra7 14. Be3 Bb7 15. Qg3 Ra8 16. Ne4 Qd5 17. Qxg7 Rf8 18. f5 Nf6 19. Qxf6 1-0

[Event "EU-ch 15th"]
[Site "Yerevan"]
[Date "2014.03.10"]
[Round "7"]
[White "Kozlitin, Roman"]
[Black "Manukyan, Sargis A"]
[Result "0-1"]
[WhiteElo "2365"]
[BlackElo "2123"]
[PlyCount "84"]
[EventDate "2014.03.03"]
[EventType "swiss"]
[EventRounds "11"]
[EventCountry "ARM"]
[SourceTitle "CBM 160"]
[Source "ChessBase"]
[SourceDate "2014.05.15"]
[SourceVersion "1"]
[SourceVersionDate "2014.05.15"]
[SourceQuality "1"]

1. e4 c5 2. c3 d5 3. exd5 Qxd5 4. d4 Nf6 5. Nf3 Bg4 6. Be2 e6 7. h3 Bh5 8. 0-0 Nc6 9. Na3 Be7 10. Nb5 Rc8 11. Qa4 0-0 12. Nxa7 Nxa7 13. Qxa7 Ra8 14. Qb6 c4 15. Qc7 Bd6 16. Qxc4 Bxf3 17. gxf3 Qf5 18. Qd3 Qxh3 19. f4 Qh6 20. Kg2 Bxf4 21. Bxf4 Qxf4 22. Qe3 Nd5 23. Qxf4 Nxf4+ 24. Kf3 g5 25. Bb5 f5 26. Rh1 Kg7 27. a4 h5 28. a5 h4 29. a6 bxa6 30. Bxa6 Rfb8 31. b4 Nd5 32. Rhc1 g4+ 33. Ke2 Rb6 34. b5 Nc7 35. c4 Nxa6 36. bxa6 Raxa6 37. Rxa6 Rxa6 38. c5 Rc6 39. Ke3 Kf6 40. Kf4 Rc8 41. c6 Ra8 42. c7 Ra3 0-1

[Event "EU-ch 15th"]
[Site "Yerevan"]
[Date "2014.03.03"]
[Round "1"]
[White "Kozlitin, Roman"]
[Black "Ragger, Markus"]
[Result "1-0"]
[WhiteElo "2365"]
[BlackElo "2644"]
[PlyCount "181"]
[EventDate "2014.03.03"]
[EventType "swiss"]
[EventRounds "11"]
[EventCountry "ARM"]
[SourceTitle "CBM 160"]
[Source "ChessBase"]
[SourceDate "2014.05.15"]
[SourceVersion "1"]
[SourceVersionDate "2014.05.15"]
[SourceQuality "1"]

1. e4 c6 2. d4 d5 3. Nc3 dxe4 4. Nxe4 Bf5 5. Ng3 Bg6 6. Nf3 Nd7 7. Bc4 e6 8. Qe2 Ngf6 9. 0-0 Be7 10. Bg5 0-0 11. Rfe1 Nd5 12. Bxe7 Qxe7 13. Bb3 a5 14. a3 a4 15. Ba2 N7b6 16. Ne5 Rfd8 17. Rad1 Nd7 18. Nxg6 hxg6 19. Ne4 N7f6 20. Ng5 Rd6 21. Qf3 Ra5 22. c4 Nc7 23. c5 Rd7 24. Qh3 Qd8 25. Qc3 Ra8 26. Bc4 Ncd5 27. Qc1 Ng4 28. Nf3 Qf6 29. h3 Nh6 30. Ne5 Rdd8 31. Bxd5 Rxd5 32. g4 Qh4 33. Kg2 Rad8 34. Nf3 Qe7 35. Qc2 Ra8 36. Rd3 Qd8 37. Rc3 Qa5 38. Ree3 Kf8 39. Rc4 Ng8 40. Rb4 Qc7 41. Rxa4 Rad8 42. Ra7 R5d7 43. Qa4 Ne7 44. Rb3 Qb8 45. Qa6 bxa6 46. Rxb8 Rxb8 47. Rxd7 f6 48. b4 a5 49. bxa5 Ra8 50. Nd2 Ke8 51. Rb7 Rxa5 52. Nc4 Ra8 53. a4 g5 54. a5 Kd8 55. Kf3 g6 56. Ke4 Ra6 57. Rb8+ Kc7 58. Rf8 Nd5 59. Rg8 Kb7 60. Rg7+ Kb8 61. Rxg6 Ra7 62. Rg8+ Kb7 63. Re8 Nc7 64. Rf8 Ka6 65. Rxf6 Ra8 66. Rf7 Nb5 67. Ne5 Nc3+ 68. Kd3 Nd5 69. Nxc6 Kb5 70. Ne5 Rxa5 71. Rb7+ Ka6 72. Nc4 Ra1 73. Rb2 Rc1 74. Ne3 Nc7 75. Rb6+ Ka7 76. Ke4 Rh1 77. Ke5 Rxh3 78. Kd6 Rh7 79. Rb2 Ka6 80. c6 Ne8+ 81. Kxe6 Rh6+ 82. Kd5 Nf6+ 83. Kc4 Ne8 84. d5 Ka7 85. Nf5 Rh1 86. Rb7+ Ka8 87. Rf7 Rc1+ 88. Kd4 Re1 89. d6 Rd1+ 90. Ke5 Kb8 91. Rf8 1-0

[Event "Abakan Sayany op"]
[Site "Abakan"]
[Date "2013.08.06"]
[Round "5"]
[White "Kozlitin, Roman"]
[Black "Malyshev, Sergey"]
[Result "1/2-1/2"]
[WhiteElo "2358"]
[BlackElo "2260"]
[PlyCount "106"]
[EventDate "2013.08.02"]
[EventType "swiss"]
[EventRounds "9"]
[EventCountry "RUS"]
[SourceTitle "CBM 155 Extra"]
[Source "ChessBase"]
[SourceDate "2013.08.26"]
[SourceVersion "1"]
[SourceVersionDate "2013.08.26"]
[SourceQuality "1"]

1. e4 e5 2. Nf3 Nc6 3. Bb5 a6 4. Bxc6 dxc6 5. 0-0 Bg4 6. h3 h5 7. d3 Qf6 8. Be3 Bxf3 9. Qxf3 Qxf3 10. gxf3 Bd6 11. Nd2 Ne7 12. Nc4 Ng6 13. d4 0-0-0 14. dxe5 Bxe5 15. Nxe5 Nxe5 16. Kg2 g5 17. Rad1 f6 18. f4 gxf4 19. Bxf4 Rhg8+ 20. Kh1 Rxd1 21. Rxd1 Nf3 22. c3 b6 23. Bg3 Ng5 24. Re1 Nxh3 25. e5 fxe5 26. Rxe5 h4 27. Bxh4 Rh8 28. Bg3 Nxf2+ 29. Kg2 Nd3 30. Re7 Nxb2 31. Rxc7+ Kd8 32. Rb7 Rh6 33. Rxb6 Na4 34. Rb8+ Kd7 35. c4 c5 36. Kf3 Rb6 37. Ra8 Nc3 38. Ra7+ Ke6 39. Rh7 Rb4 40. Rh6+ Kd7 41. Rxa6 Rxc4 42. Be5 Ra4 43. Rd6+ Ke7 44. Rc6 Nxa2 45. Rxc5 Ke6 46. Bf4 Nb4 47. Re5+ Kf6 48. Re4 Ra3+ 49. Kg4 Nd5 50. Bg5+ Kf7 51. Re5 Ra4+ 52. Kf5 Ra5 53. Kg4 Nf6+ 1/2-1/2

[Event "Izmailov Memorial op 16th"]
[Site "Tomsk"]
[Date "2012.08.14"]
[Round "9"]
[White "Timofeeva, Ekaterina"]
[Black "Kozlitin, Roman"]
[Result "1-0"]
[WhiteElo "2315"]
[BlackElo "2369"]
[PlyCount "79"]
[EventDate "2012.08.06"]
[EventType "swiss"]
[EventRounds "9"]
[EventCountry "RUS"]
[SourceTitle "CBM 149 Extra"]
[Source "ChessBase"]
[SourceDate "2012.08.24"]
[SourceVersion "1"]
[SourceVersionDate "2012.08.24"]
[SourceQuality "1"]

1. Nf3 d5 2. c4 c6 3. g3 Nf6 4. Bg2 dxc4 5. 0-0 Nbd7 6. Qc2 Nb6 7. a4 a5 8. Na3 Be6 9. Ng5 Qd7 10. Rb1 Bf5 11. e4 Bg6 12. Re1 Qd3 13. b3 Qxc2 14. Nxc2 0-0-0 15. bxc4 Nxc4 16. d4 h6 17. Nh3 Nd7 18. Nf4 Bh7 19. Nd3 Ndb6 20. Nc5 e5 21. Bh3+ Kc7 22. Bf1 exd4 23. Bf4+ Bd6 24. Bxc4 Nxc4 25. Rxb7+ Kc8 26. Reb1 Bxf4 27. gxf4 Rd5 28. Na6 Kd8 29. Rc7 Rd7 30. Rb8+ Ke7 31. Rxd7+ Kxd7 32. Rxh8 d3 33. Nc5+ Ke7 34. Nxd3 Bxe4 35. Nce1 Nb6 36. Rb8 Nxa4 37. Ra8 Nb6 38. Rxa5 Kd6 39. Ra7 Nd7 40. Rxd7+ 1-0

[Event "Izmailov Memorial op 16th"]
[Site "Tomsk"]
[Date "2012.08.10"]
[Round "5"]
[White "Kozlitin, Roman"]
[Black "Lazarenko, Petr"]
[Result "1-0"]
[WhiteElo "2369"]
[BlackElo "2042"]
[PlyCount "100"]
[EventDate "2012.08.06"]
[EventType "swiss"]
[EventRounds "9"]
[EventCountry "RUS"]
[SourceTitle "CBM 149 Extra"]
[Source "ChessBase"]
[SourceDate "2012.08.24"]
[SourceVersion "1"]
[SourceVersionDate "2012.08.24"]
[SourceQuality "1"]

1. e4 c5 2. Nf3 Nc6 3. d4 cxd4 4. Nxd4 Nf6 5. Nc3 d6 6. Be3 Bd7 7. f3 a6 8. Qd2 e5 9. Nb3 Be6 10. 0-0-0 b5 11. Kb1 Be7 12. g4 h6 13. h4 Nd7 14. Nd5 Bxd5 15. exd5 Ncb8 16. Qf2 Qc7 17. Bd3 Nc5 18. Nxc5 dxc5 19. d6 Bxd6 20. Be4 Nc6 21. Bxc5 Bxc5 22. Qxc5 Rc8 23. Bxc6+ Qxc6 24. Qxe5+ Kf8 25. Qf5 g6 26. Qd3 Kg7 27. Qd4+ Kh7 28. c3 Rhe8 29. Qf4 Qc7 30. Qc1 Re6 31. h5 g5 32. Rhf1 Rf6 33. Rd4 Qg3 34. Qe3 Rcc6 35. a3 Kg7 36. Rd8 Rce6 37. Qc5 Rd6 38. Rb8 Rd1+ 39. Rxd1 Qxb8 40. Qd4 Qf4 41. Qxf4 Rxf4 42. Rd3 Rf6 43. Kc2 Re6 44. Kd2 Kf8 45. Rd4 Ke7 46. Re4 Kd6 47. Rxe6+ Kxe6 48. Kd3 f5 49. Kd4 fxg4 50. fxg4 Kd6 1-0

[Event "Sibiria Region-ch"]
[Site "Prokopevsk"]
[Date "2012.03.18"]
[Round "7"]
[White "Maleev, Pavel"]
[Black "Kozlitin, Roman"]
[Result "1/2-1/2"]
[WhiteElo "2216"]
[BlackElo "2369"]
[PlyCount "106"]
[EventDate "2012.03.12"]
[EventType "swiss"]
[EventRounds "9"]
[EventCountry "RUS"]
[SourceTitle "EXT 2013"]
[Source "ChessBase"]
[SourceDate "2012.11.22"]
[SourceVersion "1"]
[SourceVersionDate "2012.11.22"]
[SourceQuality "1"]

1. e4 e5 2. Nf3 Nf6 3. Nc3 Nc6 4. Bb5 Bb4 5. 0-0 0-0 6. d3 Bxc3 7. bxc3 d6 8. h3 Ne7 9. Bg5 Ng6 10. Nh4 h6 11. Nxg6 fxg6 12. Bc4+ Kh7 13. Bh4 g5 14. Bg3 Qe7 15. Rb1 Nh5 16. d4 Nf4 17. Re1 Rb8 18. Bf1 Qf7 19. a4 a5 20. Qd2 b6 21. Bb5 Be6 22. Rbd1 Qe7 23. c4 g4 24. h4 Rbd8 25. Qc3 Qf6 26. Rd2 c5 27. dxc5 dxc5 28. Rd5 Bxd5 29. exd5 Nh5 30. Rxe5 Nxg3 31. Qxg3 Qf4 32. Qxf4 Rxf4 33. c3 Rd6 34. Re2 h5 35. Kh2 Kh6 36. Kg3 Rff6 37. Re5 g6 38. f3 gxf3 39. gxf3 Rf7 40. f4 Rdf6 41. Re4 Kg7 42. Be8 Rc7 43. Re5 Kf8 44. Bb5 Re7 45. Ba6 Rf5 46. Rxe7 Kxe7 47. Bc8 Rf8 48. Be6 Kf6 49. Kf3 Re8 50. Ke4 Rxe6+ 51. dxe6 Kxe6 52. Ke3 Kf5 53. Kf3 Kf6 1/2-1/2

[Event "Sibiria Region-ch"]
[Site "Prokopevsk"]
[Date "2012.03.17"]
[Round "6"]
[White "Kozlitin, Roman"]
[Black "Nevostrujev, Vladimir"]
[Result "0-1"]
[WhiteElo "2369"]
[BlackElo "2461"]
[PlyCount "106"]
[EventDate "2012.03.12"]
[EventType "swiss"]
[EventRounds "9"]
[EventCountry "RUS"]
[SourceTitle "EXT 2013"]
[Source "ChessBase"]
[SourceDate "2012.11.22"]
[SourceVersion "1"]
[SourceVersionDate "2012.11.22"]
[SourceQuality "1"]

1. c4 g6 2. Nc3 Bg7 3. d4 Nf6 4. e4 0-0 5. f3 c6 6. Be3 Qa5 7. Qd2 Rd8 8. d5 b5 9. cxb5 cxd5 10. exd5 e6 11. d6 a6 12. b6 Bb7 13. Bc4 Nc6 14. a3 Nd5 15. Bxd5 exd5 16. Nge2 Re8 17. Nxd5 Qxd5 18. Qxd5 Rxe3 19. Kf2 Rxe2+ 20. Kxe2 Nd4+ 21. Qxd4 Bxd4 22. Rac1 Re8+ 23. Kd3 Bxb6 24. Rhe1 Rxe1 25. Rxe1 Bc5 26. Kc4 Bxd6 27. Rd1 Bxh2 28. Rxd7 Bc6 29. Rd2 Bf4 30. Rc2 h5 31. b3 Bd6 32. b4 Kf8 33. Kb3 Bd7 34. a4 Be6+ 35. Kc3 Ke7 36. Re2 Kd7 37. Re4 Kc7 38. Rh4 Bg3 39. Rh1 Bd7 40. Kb3 Be6+ 41. Kc3 h4 42. Kd4 Bd7 43. Ra1 Bd6 44. b5 axb5 45. axb5 Bxb5 46. Ra7+ Kc6 47. Rxf7 Bf1 48. Rh7 g5 49. Ke3 Bxg2 50. Kf2 Bh3 51. Rf7 Bc5+ 52. Ke2 Bg2 53. Rf6+ Kb5 0-1